| 000 | 00401cam a22001457a 4500 | ||
|---|---|---|---|
| 008 | 180718b1992 xxu||||| |||| 00| 0 eng d | ||
| 020 | _a8171547540 | ||
| 082 | _aB1243x73 Wa120 | ||
| 100 | _aWald, Kenneth D. | ||
| 245 |
_aReligion and politics in the United States _cby Kenneth D. Wald |
||
| 250 | _a2nd ed. | ||
| 260 |
_aBombay _bPopular _c1992 |
||
| 300 | _a380p. | ||
| 650 | _aReligion and politics | ||
| 999 |
_c493217 _d493217 |
||